| 000 | 00672nab a2200217 4500 | ||
|---|---|---|---|
| 003 | BR-BrBNA | ||
| 005 | 20250224122835.0 | ||
| 008 | 250224b bl.||||| |||| 00| 0 por d | ||
| 040 |
_aBR-BrBNA _bpor |
||
| 072 | _aF30 | ||
| 100 | _aAndrade, Lívia | ||
| 245 |
_aA rosa azul _bAgrotecnologia |
||
| 500 | _a1 illus. | ||
| 650 | _aBIOTECNOLOGIA | ||
| 650 | _aTRANSGENIA | ||
| 650 | _aROSA | ||
| 650 | _aPIGMENTAÇÃO | ||
| 773 | 0 |
_01706 _9347822 _dSão Paulo-SP Editora Três Ltda - E-mail: luizfsa@revistadinheiro.com.br 2004 _o2025-0323 _tDinheiro Rural (Brazil) _x1807-3700 _gv. 2(8) p. 44-45; (Jun 2005) _wBR2025000006 |
|
| 942 | _cANA | ||
| 999 |
_c330107 _d330107 |
||